ताल प्रसून / (Record no. 119314)

MARC details
000 -LEADER
fixed length control field 01045nam a22002537a 4500
005 - DATE AND TIME OF LATEST TRANSACTION
control field 20170124103132.0
010 ## - LIBRARY OF CONGRESS CONTROL NUMBER
LC control number B-169306
020 ## - INTERNATIONAL STANDARD BOOK NUMBER
Terms of availability 00.00
International Standard Book Number 817391642
035 ## - SYSTEM CONTROL NUMBER
System control number B-169306
037 ## - SOURCE OF ACQUISITION
Source of stock number/acquisition Cen Lib/Ret
040 ## - CATALOGING SOURCE
Original cataloging agency DPL
Language of cataloging HN
082 ## - DEWEY DECIMAL CLASSIFICATION NUMBER
Classification number 780.140
Item number मिश्रछो
100 ## - MAIN ENTRY--PERSONAL NAME
Personal name मिश्र, छोटेलाल
9 (RLIN) 84314
245 ## - TITLE STATEMENT
Title ताल प्रसून /
Statement of responsibility, etc छोटेलाल मिश्र
246 ## - VARYING FORM OF TITLE
Title proper/short title Tal prasoon /
Remainder of title by Chotelal Mishr
260 ## - PUBLICATION, DISTRIBUTION, ETC. (IMPRINT)
Place of publication, distribution, etc नयी दिल्ली
Name of publisher, distributor, etc कनिष्क पब्लिशर्स
Date of publication, distribution, etc 2004
270 ## - ADDRESS
City नयी दिल्ली
Address 4697/5-21 अ, अंसारी रोड, दरियागंज
Postal code 110002
300 ## - PHYSICAL DESCRIPTION
Extent 216पृ.
Dimensions 20सेमी(सजिल्द )
650 ## - SUBJECT ADDED ENTRY--TOPICAL TERM
Topical term or geographic name as entry element भारत--संगीत-तबला
General subdivision
Geographic subdivision
9 (RLIN) 84315
650 ## - SUBJECT ADDED ENTRY--TOPICAL TERM
Topical term or geographic name as entry element संगीत--भारत
9 (RLIN) 84316
650 ## - SUBJECT ADDED ENTRY--TOPICAL TERM
Topical term or geographic name as entry element India - Music, Tabla
9 (RLIN) 84317
650 ## - SUBJECT ADDED ENTRY--TOPICAL TERM
Topical term or geographic name as entry element Music - India
9 (RLIN) 83833
942 ## - ADDED ENTRY ELEMENTS (KOHA)
Source of classification or shelving scheme Dewey Decimal Classification
Koha item type Hindi Books
Classification part 780.140
Call number suffix मिश्रछो
Holdings
Withdrawn status Lost status Damaged status Not for loan Home library Current library Date acquired Source of acquisition Cost, normal purchase price Total Checkouts Total Renewals Full call number Barcode Date last seen Date checked out Copy number Cost, replacement price Price effective from Koha item type
        Central Library Central Library 16/09/2015 Cen Lib/Ref 0.00 2 3 780.140 मिश्रछो B-169306 17/01/2020 11/12/2019 1 0.00 16/09/2015 Hindi Books

© Delhi Public Library
Hit Counter
free hit counter